000 00483nam a2200181Ia 4500
001 22703
005 20260414150848.0
008 260414t2008||||xx |||||||||||||| ||spa||
041 _aESP
082 _a621.384156
_bR84 2008
100 _aRosado Rodríguez, Carlos
_eAUT
245 0 _aComunicación por satélite :
_bprincipios, tecnología y sistemas
260 _c2008
300 _axii, 659 páginas :
_c23 cm.
650 _aTCA
654 _aCET
942 _cLIB
_dJUS
_fJUS
_2ddc
_n
999 _c22703
_d22703